Statistics for Football clubs: guess the country VIII

Click here to take the quiz!

General Stats

  • This quiz has been taken 21 times
    (10 since last reset)
  • The average score is 11 of 20

Answer Stats

Football teamCountry% Correct
Oldham AthleticEngland
100%
WrexhamWales
100%
1860 MunichGermany
89%
MonterreyMexico
89%
SHB Đà NẵngVietnam
89%
Tahaddy BenghaziLibya
67%
ASN NigelecNiger
67%
Rubin KazanRussia
67%
Roseau soft boysDominica
56%
Čelik ZenicaBosnia and Herzegovina
44%
RiihimäkiFinland
44%
OC ChâteaudunFrance
44%
Kowloon CityHong Kong
44%
FC SuðuroyFaroe Islands
33%
USV Eschen/MaurenLiechtenstein
33%
Kyonggongop Sports ClubNorth Korea
33%
Pago YouthAmerican Samoa
22%
União Desportiva InternacionalGuinea-Bissau
22%
Stationery Stores F.C.Nigeria
22%
Virgin Gorda UnitedBritish Virgin Islands
11%

Score Distribution

Percentile by Number Answered

Percent of People with Each Score

Your Score History

You have not taken this quiz since the last reset